00979cam a22002775 4500001001500000003000200015005001700017008003200034020001800066040002500084082002400109100002300133245006900156260003100225300001900256490002000275500002100295500007000316590002600386600004800412651004300460910004000503942001200543952012900555999001700684bimo0000458137 20230719092843.0951113s19uu sp | ||| ||spa  a9788478804894 aBPMSUbspacBPMSUe  4a923.546bF363S 2221 aSoriano, Manuel0 10aSabino Fernández Campo :bla sombra del reycManuel Sorianoh  aMadridbTemas de Hoyc1995 a605 p. c23 cm0 aGrandes temas  aIncluye Índice aIncluye datos biográficos del autor en la solapa de la cubierta aInventariado, 2023/VM14aFernández Campo, Sabinod1918-2009 2  4aEspaña xHistoria militar ySiglo XX aVMateo V. Control de calidad. BPMSU 2ddccBK 00102ddc40708CGaBPMETbBPMETd2016-07-01eSellarl0oBPMSU CG 923.546 F363S pBPMSU16070025r2016-07-01w2016-07-01yBK c10652d10652